| 000 | 00482cam a2200181ua 4500 | ||
|---|---|---|---|
| 003 | OSt | ||
| 008 | 241218b |||||||| |||| 00| 0 eng d | ||
| 020 | _a0-07-460276-4 | ||
| 041 | _aeng | ||
| 082 |
_a621.31042 _bNAG/TH |
||
| 100 |
_aNagrath, I J. _91329 |
||
| 245 | _aTheory and problems of electric machines / | ||
| 250 | _a5 / | ||
| 260 |
_aNew Delhi : _bTata Mc-Graw Hill Publishing Company , _c1998. |
||
| 300 | _a297 ; . | ||
| 700 | 1 |
_aKothari, D P . _9359 |
|
| 942 | _cBK | ||
| 999 |
_c7204 _d7204 |
||